| 000 | 00634nam a22002051c 4500 | ||
|---|---|---|---|
| 001 | a987689455 | ||
| 008 | 180518s1955 gw |||| 000u ger d | ||
| 041 | _ager | ||
| 100 | 1 | _aMeissner, Boris | |
| 245 | 0 | 4 |
_aDas Ostpakt-System / _cDokumentsammlung von Boris Meissner |
| 250 | _a[Erw. u. umgearb. Neuaufl.] | ||
| 264 |
_aFrankfurt am Main : _bMetzner, _c1955 |
||
| 300 | _a208 Seiten | ||
| 650 | 0 | _aWarschauer Pakt | |
| 651 | 0 | _aOstblock | |
| 942 | _cMG | ||
| 040 | _cRU-10907106 | ||
| 003 | RU-10907106 | ||
| 999 |
_c49740 _d49740 |
||
| 490 | 0 |
_aDokumente / Hrsg. v. d. Forschungsstelle für Völkerrecht u. Ausländ. Öffentl. Recht der Univ. Hamburg _v18 |
|